000 00232nam a22000977a 4500
008 160510b xxu||||| |||| 00| 0 eng d
041 _aeng
080 _a61
245 _aArt of advocacy summation:
_cLawrence J. Smith;
942 _2udc
_cBK
999 _c1983
_d1983